000
00300nam a2200121Ia 4500
005
20251222141925.0
008
251222s9999||||xx |||||||||||||| ||spa||
082
_a
869.009/N29
100
_a
Navarro, Bertha C.
245
0
_a
Cuéntame:
264
_b
Universidad Católica Sedes Sapientiae
942
_c
LIB
999
_c
8853
_d
8853